000 00516nam a22001697a 4500
003 OSt
005 20140310182512.0
008 130214t xxu||||| |||| 00| 0 eng d
020 _a9715846400
050 _aPL 6059
_b.B621 2008
100 _aBisa, Simplicio P.
_97301
245 _aMasining na pagpapahayag :
_bpasalita at pasulat na diskurso (dulog modyular) /
_cSimplicio P. Bisa ... [et al.]
260 _aQuezon City
_bC & E Pub.
_c2008
300 _a384 p. :
_c22 cm.
942 _2lcc
_cSSLC
999 _c13923
_d13923